Leading while female a culturally proficient response for gender equity
Guardat en:
| Autor principal: | |
|---|---|
| Format: | Llibre |
| Idioma: | anglès |
| Publicat: |
CORWIN Press
2020
|
| Etiquetes: |
Afegir etiqueta
Sense etiquetes, Sigues el primer a etiquetar aquest registre!
|
MARC
| LEADER | 00000nam a22000007a 4500 | ||
|---|---|---|---|
| 008 | 230130b |||||||| |||| 00| 0 eng d | ||
| 020 | |a 9781544360744 | ||
| 100 | |a Arriaga, Trudy T. |a Stanley, Stacie L. |a Lindsey, Delores B. | ||
| 245 | |a Leading while female |b a culturally proficient response for gender equity |c Trudy T. Arriaga, Stacie L. Stanley, Delores B. Lindsey |g xiv, 142p;ill | ||
| 260 | |b CORWIN Press |c 2020 |h Thousand Oaks, California |i 699520 |i 699521 |l LC212.8.Ar6 |m Sexism in education |m Educational leadership |m Women in education | ||
| 500 | |a Includes bibliographical references and index. | ||
| 942 | |a lcc |c BK |e jOHNSON |f 30/01/23 | ||
| 952 | |0 0 |1 0 |2 lcc |4 0 |6 LC02128 A R6 |7 0 |9 4191 |a ED |b HOL |c LP |d 2023-01-30 |l 0 |o LC212.8.Ar6 |p 2023-0121 |r 2023-01-30 00:00:00 |t 699820 |w 2023-01-30 |y BK | ||
| 952 | |0 0 |1 0 |2 lcc |4 0 |6 LC02128 A R6 |7 0 |9 4192 |a HOL |b HOL |c LP |d 2023-01-30 |l 0 |o LC212.8.Ar6 |p 2023-0122 |r 2023-01-30 00:00:00 |t 699821 |w 2023-01-30 |y BK | ||
| 999 | |c 2100 |d 2100 | ||